National Assembly Library of Thailand

เปิดโลกการค้าอิเล็กทรอนิคส์ (ระเบียนเลขที่ 9327)

รายละเอียดในรูปแบบ MARC
000 -LEADER
fixed length control field 01251nam a22002897a 4500
005 - DATE AND TIME OF LATEST TRANSACTION
control field 20210325180440.0
008 - FIXED-LENGTH DATA ELEMENTS--GENERAL INFORMATION
fixed length control field s2542 th tha d
020 ## - INTERNATIONAL STANDARD BOOK NUMBER
International Standard Book Number 9747821532
041 ## - LANGUAGE CODE
Language code of text/sound track or separate title tha
050 ## - LIBRARY OF CONGRESS CALL NUMBER
Classification number HF5548.33 ฉ249ป 2541
100 0# - MAIN ENTRY--PERSONAL NAME
Personal name ฉัททวุฒิ พีชผล, ผู้แปล
245 10 - TITLE STATEMENT
Title เปิดโลกการค้าอิเล็กทรอนิคส์
246 ## - VARYING FORM OF TITLE
Title proper/short title Understanding electronic commerce
260 3# - PUBLICATION, DISTRIBUTION, ETC.
Place of publication, distribution, etc. กรุงเทพฯ :
Name of publisher, distributor, etc. โปรวิชั่น,
Date of publication, distribution, etc. 2542
300 ## - PHYSICAL DESCRIPTION
Extent 285 หน้า :
Other physical details ภาพประกอบ ;
Dimensions 21 ซม.
650 04 - SUBJECT ADDED ENTRY--TOPICAL TERM
Topical term or geographic name entry element การค้า
650 04 - SUBJECT ADDED ENTRY--TOPICAL TERM
Topical term or geographic name entry element การค้าอิเล็กทรอนิกส์
650 04 - SUBJECT ADDED ENTRY--TOPICAL TERM
Topical term or geographic name entry element ข่ายงานคอมพิวเตอร์
650 04 - SUBJECT ADDED ENTRY--TOPICAL TERM
Topical term or geographic name entry element คอมพิวเตอร์ -- คำศัพท์
650 04 - SUBJECT ADDED ENTRY--TOPICAL TERM
Topical term or geographic name entry element บริษัทเสมือน
650 04 - SUBJECT ADDED ENTRY--TOPICAL TERM
Topical term or geographic name entry element ระบบแลกเปลี่ยนอิเล็กทรอนิกส์
700 0# - ADDED ENTRY--PERSONAL NAME
Personal name ฉัททวุฒิ พีชผล, ผู้แปล
850 ## - HOLDING INSTITUTION
Holding institution NALT
942 ## - ADDED ENTRY ELEMENTS (KOHA)
Koha item type General Book
997 ## -
-- 000000000009327
-- [อาคารรัฐสภา 2]
998 ## - LOCAL CONTROL INFORMATION (RLIN)
-- Mr.mover Books
รายการที่มีในห้องสมุด
Withdrawn status Lost status Damaged status Not for loan Collection code Home library Current library Shelving location Cost, normal purchase price Total Checkouts Full call number Barcode Date last seen Cost, replacement price Price effective from Koha item type Source of classification or shelving scheme Date acquired
      Not for Loan General Book collection National Assembly Library of Thailand National Assembly Library of Thailand Parliament Building 2 235.00   HF 5548.33 ฉ249ป 2541 3961126793 09/06/2017 285.00 09/06/2017 General Book    
        Senate National Assembly Library of Thailand National Assembly Library of Thailand General Book shelves     HF 5548.33 ฉ249ป 2541 0100003400001 26/08/2022   04/04/2022 General Book Library of Congress Classification 04/04/2022
หอสมุดรัฐสภา
สำนักงานเลขาธิการสภาผู้แทนราษฎร เลขที่ 1111 ถนนสามเสน แขวงถนนนครไชยศรี เขตดุสิต กรุงเทพฯ 10300
The Secretariat of the House of Representatives 1111 Samsen Road, Thanon Nakhon Chai Si, Dusit, Bangkok 10300, THAILAND
โทรศัพท์: +66(0) 2242 5900 ต่อ 5714-5 โทรสาร: +66(0) 2242 5990 อีเมล: [email protected]